| 000 | 00511nam a2200169Ia 4500 | ||
|---|---|---|---|
| 005 | 20241218164621.0 | ||
| 008 | 231217s9999 xx 000 0 und d | ||
| 020 | _a0070595011 | ||
| 082 | _a001.64404 LEO;43 | ||
| 100 | _aLeon-Garcia, Alberto. Widjaja, Indra. | ||
| 245 | 0 | _aCommunication networks : fundamental concepts and key architectures | |
| 250 | _a2nd ed. | ||
| 260 |
_c2004 _bTata McGraw-Hill _aNew Delhi |
||
| 300 | _axxvii+900 | ||
| 650 | _aCommunication,networks,:architectures | ||
| 942 | _cAA | ||
| 999 |
_c172687 _d172687 |
||